Автомобильные дороги в экологических системах (Запись № 12132527)
[ простой вид ]
| 000 -МАРКЕР | |
|---|---|
| контрольное поле | 02839nam0a2200493 4500 |
| 001 - ИДЕНТИФИКАТОР ЗАПИСИ | |
| контрольное поле | RU\NLR\BIBL_A\011528376 |
| 005 - ИДЕНТИФИКАТОР ВЕРСИИ | |
| контрольное поле | 20260408192203.0 |
| 010 ## - МЕЖДУНАРОДНЫЙ СТАНДАРТНЫЙ НОМЕР КНИГИ (ISBN) | |
| Номер (ISBN) | 5-88711-106-2 |
| Тираж | 1000 |
| 035 ## - ДРУГИЕ СИСТЕМНЫЕ НОМЕРА | |
| Идентификатор записи | (NLR Aleph) 011528376 |
| 100 ## - ДАННЫЕ ОБЩЕЙ ОБРАБОТКИ | |
| Данные общей обработки | 20171116d1999 |||y0rusy50 ca |
| 101 0# - ЯЗЫК РЕСУРСА | |
| Язык текста, звукозаписи и т.д. | русский |
| 102 ## - СТРАНА ПУБЛИКАЦИИ ИЛИ ПРОИЗВОДСТВА | |
| Страна публикации | российская федерация |
| 105 ## - ПОЛЕ КОДИРОВАННЫХ ДАННЫХ: ТЕКСТОВЫЕ МАТЕРИАЛЫ, МОНОГРАФИЧЕСКИЕ | |
| Кодированные данные о монографическом текстовом документе | a z 00zy |
| 106 ## - ПОЛЕ КОДИРОВАННЫХ ДАННЫХ: ТЕКСТОВЫЕ РЕСУРСЫ – ФОРМА | |
| Форма ресурса: кодированные данные: обозначение носителя | s |
| 135 ## - ПОЛЕ КОДИРОВАННЫХ ДАННЫХ: ЭЛЕКТРОННЫЕ РЕСУРСЫ | |
| Кодированные данные для электронного ресурса | crmn mmmanaba |
| 200 1# - ЗАГЛАВИЕ И СВЕДЕНИЯ ОБ ОТВЕТСТВЕННОСТИ | |
| Основное заглавие | Автомобильные дороги в экологических системах |
| Общее обозначение материала | Электронный ресурс |
| Сведения, относящиеся к заглавию | проблемы взаимодействия |
| -- | [монография] |
| Первые сведения об ответственности | Кавтарадзе Д. Н., Николаева Л. Ф., Поршнева Е. Б., Флорова Н. Б. |
| Последующие сведения об ответственности | Московский государственный университет им. М. В. Ломоносова, Биологический факультет |
| 210 ## - ПУБЛИКАЦИЯ, РАСПРОСТРАНЕНИЕ И ДР. | |
| Место издания, распространения и т.д. | Москва |
| Имя издателя, распространителя и т. д. | ЧеРо |
| Дата издания, распространения и т.д. | 1999 |
| 215 ## - ФИЗИЧЕСКАЯ ХАРАКТЕРИСТИКА | |
| Специфическое обозначение материала и объем | 239 с. |
| Другие сведения о физической характеристике | ил., табл. |
| 230 ## - ОБЛАСТЬ СПЕЦИФИЧЕСКИХ СВЕДЕНИЙ: ЭЛЕКТРОННЫЕ РЕСУРСЫ | |
| Обозначение и объем ресурса | Электрон. дан. |
| 300 ## - ОБЩИЕ ПРИМЕЧАНИЯ | |
| Текст примечания | Загл. с титул. экрана |
| 316 ## - ПРИМЕЧАНИЯ ОБ ОСОБЕННОСТЯХ ЭКЗЕМПЛЯРА | |
| Текст примечания | С автогр. авт. |
| Организация и экземпляр, к которому относится поле | NLR |
| 320 ## - ПРИМЕЧАНИЯ О НАЛИЧИИ В ДОКУМЕНТЕ БИБЛИОГРАФИИ / УКАЗАТЕЛЯ | |
| Текст примечания | Библиогр.: с. 201-219 |
| 325 1# - ПРИМЕЧАНИЕ О КОПИИ | |
| Текст примечания | Копия доступна в электронной библиотеке РНБ |
| 337 ## - ПРИМЕЧАНИЕ О СИСТЕМНЫХ ТРЕБОВАНИЯХ (ЭЛЕКТРОННЫЕ РЕСУРСЫ) | |
| Текст примечания | Ресурс доступен в Электронной библиотеке РНБ |
| 606 1# - НАИМЕНОВАНИЕ ТЕМЫ КАК ПРЕДМЕТ | |
| Наименование темы | Окружающая среда |
| Тематический подзаголовок | Загрязнение отходами автомобильного транспорта |
| Системный номер авторитетной/нормативной записи | 1767221 |
| Идентификатор авторитетной/нормативной записи | RU\NLR\AUTH\66793252 |
| 606 1# - НАИМЕНОВАНИЕ ТЕМЫ КАК ПРЕДМЕТ | |
| Наименование темы | Экологические системы |
| Тематический подзаголовок | Влияние автомобильного транспорта |
| Системный номер авторитетной/нормативной записи | 2345289 |
| Идентификатор авторитетной/нормативной записи | RU\NLR\AUTH\6601624842 |
| 606 ## - НАИМЕНОВАНИЕ ТЕМЫ КАК ПРЕДМЕТ | |
| Наименование темы | Автомобильные дороги |
| Тематический подзаголовок | Экологические требования |
| Идентификатор авторитетной/нормативной записи | RU\NLR\AUTH\661292934 |
| Системный номер авторитетной/нормативной записи | 2146076 |
| 686 1# - ИНДЕКСЫ ДРУГИХ КЛАССИФИКАЦИЙ | |
| Индекс | О35-082н6 |
| 686 1# - ИНДЕКСЫ ДРУГИХ КЛАССИФИКАЦИЙ | |
| Индекс | О311-022.1 |
| 686 1# - ИНДЕКСЫ ДРУГИХ КЛАССИФИКАЦИЙ | |
| Индекс | Е081.4 |
| 701 #1 - ИМЯ ЛИЦА - АЛЬТЕРНАТИВНАЯ ОТВЕТСТВЕННОСТЬ | |
| Материалы, к которым относится поле | rus |
| Графика поля | Кириллица |
| Начальный элемент ввода | Кавтарадзе |
| Часть имени, кроме начального элемента ввода | Д. Н. |
| Расширение инициалов личного имени | Дмитрий Николаевич |
| Идентификатор авторитетной/нормативной записи | RU\NLR\AUTH\7775815 |
| Системный номер авторитетной/нормативной записи | 58743 |
| 701 #1 - ИМЯ ЛИЦА - АЛЬТЕРНАТИВНАЯ ОТВЕТСТВЕННОСТЬ | |
| Начальный элемент ввода | Николаева |
| Часть имени, кроме начального элемента ввода | Л. Ф. |
| Дополнения к именам, кроме дат | канд. биол. наук |
| Расширение инициалов личного имени | Лия Федоровна |
| Системный номер авторитетной/нормативной записи | 180870 |
| Идентификатор авторитетной/нормативной записи | RU\NLR\AUTH\770180921 |
| 701 #1 - ИМЯ ЛИЦА - АЛЬТЕРНАТИВНАЯ ОТВЕТСТВЕННОСТЬ | |
| Начальный элемент ввода | Поршнева |
| Часть имени, кроме начального элемента ввода | Е. Б. |
| Расширение инициалов личного имени | Елена Борисовна |
| 701 #1 - ИМЯ ЛИЦА - АЛЬТЕРНАТИВНАЯ ОТВЕТСТВЕННОСТЬ | |
| Начальный элемент ввода | Флорова |
| Часть имени, кроме начального элемента ввода | Н. Б. |
| Дополнения к именам, кроме дат | канд. биол. наук |
| Расширение инициалов личного имени | Нина Борисовна |
| Системный номер авторитетной/нормативной записи | 180872 |
| Идентификатор авторитетной/нормативной записи | RU\NLR\AUTH\770180923 |
| 852 00 - МЕСТОНАХОЖДЕНИЕ И ШИФР ХРАНЕНИЯ | |
| Идентификатор организации | NLR |
| Шифр хранения (Call Number) | ЭБ |
| 901 ## - ДАННЫЕ ОБ ОБЪЕКТЕ ОЦИФРОВКИ | |
| -- | Книжные издания |
| 942 ## - ДОПОЛНИТЕЛЬНЫЕ ЭЛЕМЕНТЫ ЗАПИСИ (АБИС) | |
| Тип экземпляра АБИС | Книга |
| 980 ## - КОЛЛЕКЦИЯ | |
| Название коллекции | Национальная библиография |
| 981 13 - КОЛЛЕКЦИЯ ЭЛЕКТРОННОЙ БИБЛИОТЕКИ | |
| Название коллекции | Документы, защищенные авторским правом |
| Название подколлекции | |
Нет доступных экземпляров.